Mujercitas eran las de antes? : el sexismo en los libros para chicos /
Guardado en:
| Autor Principal: | |
|---|---|
| Formato: | Libro |
| Publicado: |
Buenos Aires :
Libros del Quirquincho,
1992
|
| Series: | Apuntes / dirigida por María Adelia Díaz Ronner
|
| Materias: | |
| Etiquetas: |
Agregar Etiqueta
Sin Etiquetas, Sea el primero en etiquetar este registro!
|
| LEADER | 00766nam a22002175a 4500 | ||
|---|---|---|---|
| 001 | CEM.cems010504 | ||
| 005 | 20080513092454.0 | ||
| 008 | 130507s1992##################000#0#####d | ||
| 003 | CEMS | ||
| 020 | |a 9507370899 | ||
| 082 | 0 | 4 | |a 371.76 |
| 100 | 1 | |a Cabal, Graciela Beatriz | |
| 245 | 1 | 0 | |a Mujercitas eran las de antes? : |b el sexismo en los libros para chicos / |c Graciela Beatriz Cabal |
| 260 | |a Buenos Aires : |b Libros del Quirquincho, |c 1992 | ||
| 300 | |a 79 p. | ||
| 490 | 0 | |a Apuntes / dirigida por María Adelia Díaz Ronner | |
| 505 | 0 | |a La imagen de la mujer -- Variaciones sobre el mismo tema | |
| 653 | |a Educación | ||
| 653 | |a Literatura infantil-sexismo | ||
| 653 | |a Textos escolares-sexismo | ||
| 859 | |a CEMS |b BIB. CEMS - 11 de abril |h 371.76 |i C111 |p 21031.00 |t Ej.1 | ||
